EL PROBLEMA DEL ATEISMO

שמור ב:
מידע ביבליוגרפי
מחבר תאגידי: Varios
פורמט: ספר
תגים: הוספת תג
אין תגיות, היה/י הראשונ/ה לתייג את הרשומה!

MARC

LEADER 00000nam^a2200000^a^4500
001 000213061
005 20250521000000.0
009 20260310103513.525
035 |a 003001 
037 |a Acervo Xavier Clavigero 
082 |a 231. 8 VAR 
110 |a Varios 
245 1 3 |a EL PROBLEMA DEL ATEISMO 
264 |a SALAMANCA :  |b SIGUEME,  |c 1967 
336 |a texto  |b txt  |2 rdacontenido 
337 |a sin mediación  |b n  |2 rdamedio 
338 |a volumen  |b nc  |2 rdasoporte 
649 |a XX 
910 |a Fondo General 
920 |a Impresos - Libros 
930 |a Colección General 
905 |a 101 
901 |a 003001  |b IT1  |c ACC  |i 003001  |u 20250521 
901 |a 006063  |b IT1  |c ACC  |i 006063  |u 20250521 
902 |a https://opac.biblio.iteso.mx/vufind/Record/000213061